Corporate social responsibility in international sales law / (Record no. 51687)

MARC details
000 -LEADER
fixed length control field 00706nam a2200229Ia 4500
005 - DATE AND TIME OF LATEST TRANSACTION
control field 20260429111954.0
008 - FIXED-LENGTH DATA ELEMENTS--GENERAL INFORMATION
fixed length control field 260429s9999||||xx |||||||||||||| ||und||
020 ## - INTERNATIONAL STANDARD BOOK NUMBER
International Standard Book Number 9783161640520
041 ## - LANGUAGE CODE
Language English
082 ## - DEWEY DECIMAL CLASSIFICATION NUMBER
Classification number 346.066
Item number LAN
100 ## - MAIN ENTRY--PERSONAL NAME
Personal name Langenhagen, Svenja Kristin
245 #0 - TITLE STATEMENT
Title Corporate social responsibility in international sales law /
Statement of responsibility, etc Svenja Kristin Langenhagen
260 ## - PUBLICATION, DISTRIBUTION, ETC. (IMPRINT)
Place of publication, distribution, etc Germany :
Name of publisher, distributor, etc Mohr Siebeck,
Date of publication, distribution, etc 2025.
300 ## - PHYSICAL DESCRIPTION
Extent xx, 419 p.; pbk
440 ## - SERIES STATEMENT/ADDED ENTRY--TITLE
Title Studies on Foreign and International Private Law (StudIPR); 533
650 ## - SUBJECT ADDED ENTRY--TOPICAL TERM
Topical term or geographic name as entry element Corporate law
650 ## - SUBJECT ADDED ENTRY--TOPICAL TERM
Topical term or geographic name as entry element Corporate social responsibility
650 ## - SUBJECT ADDED ENTRY--TOPICAL TERM
Topical term or geographic name as entry element Private law
650 ## - SUBJECT ADDED ENTRY--TOPICAL TERM
Topical term or geographic name as entry element Sales law
650 ## - SUBJECT ADDED ENTRY--TOPICAL TERM
Topical term or geographic name as entry element Law
942 ## - ADDED ENTRY ELEMENTS (KOHA)
Koha item type Text Books
Holdings
Withdrawn status Lost status Damaged status Not for loan Collection code Home library Location Shelving location Date of Cataloging Source of acquisition Total Checkouts Full call number Barcode Date last seen Price effective from Koha item type
        Non-fiction CUTN Central Library CUTN Central Library Social Sciences 29/04/2026 Feel Books, Chennai - Invoice No. BRL/CRB/25-26/568 on 13-02-2026   346.066 LAN 56715 29/04/2026 29/04/2026 Text Books